000 00488nam a2200157Ia 4500
008 210716s1998 xx 000 0 und d
020 _a74634917
041 _aeng
082 _a005.133 GOTB
100 _aGottfried, Byron S.
245 _aSchaums outline of: theory and problems of programming with c.
_bTheory and problems of programming with c.
250 _a2
260 _aNew Delhi
_bTata McGraw Hill Publishing Company Ltd
_c1998
300 _avii,532
650 _aC Programming
999 _c184154
_d184154